[Event "DVM U20 2022"]
[Site "Münster GER"]
[Date "2022.12.28"]
[Round "3"]
[White "Giannakoglou, Alexandros"]
[Black "Maguire, Kristof"]
[Result "1/2-1/2"]
[Termination "normal"]
[Board "8.5"]
[WhiteElo "1353"]
[BlackElo "1449"]
[WhiteClock "00:01:05"]
[BlackClock "00:28:11"]
[WhiteTeam "SK Bebenhausen 1992"]
[BlackTeam "SC Bavaria Regensburg von 1881 e.V."]
[PlyCount "89"]
[WhiteFideId "4288580"]
[BlackFideId "16225163"]
[EventCountry "GER"]
[EventRounds "7"]
[EventType "team-swiss"]
[EventDate "2022.12.26"]

1. c4 {[%clk 01:30:51]} {[%emt 00:00:08]} c5 {[%clk 01:27:34]} {[%emt
00:03:26]} 2. Nc3 {[%clk 01:30:54]} {[%emt 00:00:27]} d6 {[%clk 01:25:51]}
{[%emt 00:02:13]} 3. Nf3 {[%clk 01:28:37]} {[%emt 00:02:47]} Nc6 {[%clk
01:25:56]} {[%emt 00:00:26]} 4. g3 {[%clk 01:26:43]} {[%emt 00:02:24]} g6
{[%clk 01:25:04]} {[%emt 00:01:22]} 5. Bg2 {[%clk 01:26:50]} {[%emt 00:00:23]}
Bg7 {[%clk 01:23:40]} {[%emt 00:01:54]} 6. O-O {[%clk 01:26:11]} {[%emt
00:01:09]} Nf6 {[%clk 01:21:38]} {[%emt 00:02:31]} 7. d3 {[%clk 01:24:55]}
{[%emt 00:01:46]} O-O {[%clk 01:19:03]} {[%emt 00:03:05]} 8. Rb1 {[%clk
01:17:56]} {[%emt 00:07:30]} a6 {[%clk 01:16:24]} {[%emt 00:03:10]} 9. a3
{[%clk 01:13:44]} {[%emt 00:04:42]} Rb8 {[%clk 01:13:07]} {[%emt 00:03:46]} 10.
b4 {[%clk 01:07:29]} {[%emt 00:06:45]} Nd7 {[%clk 01:07:23]} {[%emt 00:06:13]}
11. Nd5 {[%clk 01:02:41]} {[%emt 00:05:18]} e6 {[%clk 00:52:53]} {[%emt
00:15:01]} 12. Ne3 {[%clk 01:01:00]} {[%emt 00:02:11]} Qb6 {[%clk 00:36:10]}
{[%emt 00:17:12]} 13. Bd2 {[%clk 00:54:18]} {[%emt 00:07:12]} cxb4 {[%clk
00:36:22]} {[%emt 00:00:19]} 14. axb4 {[%clk 00:52:28]} {[%emt 00:02:20]} Nde5
{[%clk 00:34:19]} {[%emt 00:02:31]} 15. Nxe5 {[%clk 00:41:14]} {[%emt
00:11:44]} Bxe5 {[%clk 00:34:12]} {[%emt 00:00:38]} 16. Nc2 {[%clk 00:39:02]}
{[%emt 00:02:42]} Bd7 {[%clk 00:26:08]} {[%emt 00:08:35]} 17. b5 {[%clk
00:19:49]} {[%emt 00:19:43]} Ne7 {[%clk 00:24:37]} {[%emt 00:02:00]} 18. bxa6
{[%clk 00:17:17]} {[%emt 00:03:02]} Qxa6 {[%clk 00:24:59]} {[%emt 00:00:08]}
19. Ne3 {[%clk 00:13:07]} {[%emt 00:04:41]} Bc6 {[%clk 00:18:08]} {[%emt
00:07:19]} 20. Qb3 {[%clk 00:10:28]} {[%emt 00:03:08]} Bxg2 {[%clk 00:17:32]}
{[%emt 00:01:08]} 21. Kxg2 {[%clk 00:10:16]} {[%emt 00:00:42]} Qc6 {[%clk
00:16:34]} {[%emt 00:01:27]} 22. Kg1 {[%clk 00:09:47]} {[%emt 00:01:00]} Nf5
{[%clk 00:09:58]} {[%emt 00:07:06]} 23. Qb6 {[%clk 00:08:16]} {[%emt 00:01:59]}
Nd4 {[%clk 00:09:20]} {[%emt 00:01:09]} 24. Rfe1 {[%clk 00:07:27]} {[%emt
00:01:20]} Rfd8 {[%clk 00:07:38]} {[%emt 00:02:09]} 25. Qxc6 {[%clk 00:06:46]}
{[%emt 00:01:14]} bxc6 {[%clk 00:07:59]} {[%emt 00:00:08]} 26. Rxb8 {[%clk
00:06:50]} {[%emt 00:00:27]} Rxb8 {[%clk 00:08:28]} {[%emt 00:00:01]} 27. Ng4
{[%clk 00:06:38]} {[%emt 00:00:41]} Bg7 {[%clk 00:07:55]} {[%emt 00:01:03]} 28.
Kf1 {[%clk 00:06:47]} {[%emt 00:00:22]} f5 {[%clk 00:06:07]} {[%emt 00:02:18]}
29. Ne3 {[%clk 00:06:57]} {[%emt 00:00:21]} g5 {[%clk 00:04:57]} {[%emt
00:01:39]} 30. h4 {[%emt 00:03:23]} gxh4 {[%emt 00:00:35]} 31. gxh4 {[%clk
00:05:04]} Bh6 {[%clk 00:04:36]} {[%emt 00:00:14]} 32. Rd1 {[%clk 00:04:51]}
{[%emt 00:00:43]} f4 {[%clk 00:03:11]} {[%emt 00:01:55]} 33. Ng4 {[%clk
00:04:27]} {[%emt 00:00:53]} Bg7 {[%clk 00:02:27]} {[%emt 00:01:15]} 34. Bxf4
{[%clk 00:04:26]} {[%emt 00:00:30]} e5 {[%clk 00:01:50]} {[%emt 00:01:07]} 35.
Bh6 {[%clk 00:03:22]} {[%emt 00:01:34]} Rb2 {[%clk 00:01:45]} {[%emt 00:00:34]}
36. Rd2 {[%clk 00:02:02]} {[%emt 00:01:52]} Rb1 {[%clk 00:01:23]} {[%emt
00:00:52]} 37. Kg2 {[%clk 00:02:24]} {[%emt 00:00:06]} Nf5 {[%clk 00:01:38]}
{[%emt 00:00:17]} 38. Bxg7 {[%clk 00:01:15]} {[%emt 00:01:40]} Nxh4 {[%clk
00:02:00]} 39. Kh3 {[%clk 00:01:05]} {[%emt 00:00:48]} Rh1 {[%clk 00:02:25]}
40. Nh2 {[%clk 00:00:47]} {[%emt 00:00:53]} Kxg7 41. Kxh4 {[%clk 00:00:44]}
Rxh2 {[%clk 00:02:35]} {[%emt 00:00:15]} 42. Kg3 {[%clk 00:01:05]} {[%emt
00:00:09]} Rh6 {[%clk 00:28:11]} {[%emt 00:04:54]} 43. Rb2 {[%emt 00:06:52]} c5
{[%emt 00:00:01]} 44. Rb7 {[%emt 00:00:02]} Kf6 45. Kg4 {[%emt 00:00:01]}
1/2-1/2

[Event "DVM U20 2022"]
[Site "Münster GER"]
[Date "2022.12.29"]
[Round "6"]
[White "Engel, Luis"]
[Black "Mätzkow, Maximilian Paul"]
[Result "1-0"]
[Termination "normal"]
[Board "1.1"]
[WhiteTitle "GM"]
[BlackTitle "FM"]
[WhiteElo "2555"]
[BlackElo "2281"]
[WhiteClock "00:45:55"]
[BlackClock "00:43:11"]
[WhiteTeam "Hamburger SK von 1830 eV"]
[BlackTeam "SC Kreuzberg e.V."]
[PlyCount "59"]
[WhiteFideId "12961523"]
[BlackFideId "24679933"]
[EventCountry "GER"]
[EventRounds "7"]
[EventType "team-swiss"]
[EventDate "2022.12.26"]

1. e4 {[%emt 0:00:02]} c5 {[%emt 0:00:05]} 2. Nf3 {[%emt 0:00:04]} d6 {[%emt
0:00:04]} 3. d4 {[%emt 0:00:05]} cxd4 {[%emt 0:00:03]} 4. Nxd4 {[%emt 0:00:06]}
Nf6 {[%emt 0:00:02]} 5. Nc3 {[%emt 0:00:08]} g6 {[%emt 0:00:04]} 6. Be3 {[%emt
0:00:43]} Bg7 {[%emt 0:00:06]} 7. f3 {[%emt 0:00:04]} a6 {[%emt 0:00:06]} 8.
Qd2 {[%emt 0:01:03]} h5 {[%emt 0:00:05]} 9. Be2 {[%emt 0:02:23]} Nc6 {[%emt
0:04:55]} 10. O-O-O {[%emt 0:01:16]} Nxd4 {[%emt 0:00:16]} 11. Bxd4 {[%emt
0:00:55]} Be6 {[%emt 0:00:04]} 12. Kb1 {[%emt 0:01:11]} b5 {[%emt 0:00:41]} 13.
h4 {[%emt 0:04:31]} Rc8 {[%emt 0:03:46]} 14. Nd5 {[%emt 0:02:37]} Bxd5 {[%emt
0:00:49]} 15. exd5 {[%emt 0:00:06]} Qc7 {[%emt 0:00:32]} 16. c4 {[%emt
0:17:40]} bxc4 {[%emt 0:01:17]} 17. Bxc4 {[%emt 0:01:45]} O-O {[%emt 0:03:51]}
18. Bxa6 {[%emt 0:01:51]} Rb8 {[%emt 0:04:15]} 19. Rhe1 {[%emt 0:03:56]} Qd7
{[%emt 0:01:34]} 20. Bc4 {[%emt 0:05:20]} Rfc8 {[%emt 0:01:21]} 21. Bb3 {[%emt
0:03:32]} Rb7 {[%emt 0:24:46]} 22. Qd3 {[%emt 0:00:52]} Ne8 {[%emt 0:03:25]}
23. Rc1 {[%emt 0:03:52]} Rcb8 {[%emt 0:03:25]} 24. Rc4 {[%emt 0:02:32]} Bh6
{[%emt 0:03:49]} 25. Ba4 Qd8 26. Bc6 Qa5 27. Re2 Rb4 28. Rxb4 Qxb4 29. a3 Qa5
30. Rxe7 1-0

[Event "DVM U20 2022"]
[Site "Münster GER"]
[Date "2022.12.29"]
[Round "6"]
[White "Dathe, Frederick"]
[Black "Woelk, Tom-Frederic"]
[Result "1/2-1/2"]
[Termination "normal"]
[Board "1.2"]
[BlackTitle "FM"]
[WhiteElo "2089"]
[BlackElo "2281"]
[WhiteClock "00:40:20"]
[BlackClock "00:42:18"]
[WhiteTeam "SC Kreuzberg e.V."]
[BlackTeam "Hamburger SK von 1830 eV"]
[PlyCount "66"]
[WhiteFideId "12963070"]
[BlackFideId "12993077"]
[EventCountry "GER"]
[EventRounds "7"]
[EventType "team-swiss"]
[EventDate "2022.12.26"]

1. c4 {[%emt 0:00:08]} e6 {[%emt 0:00:27]} 2. Nf3 {[%emt 0:00:36]} d5 {[%emt
0:00:06]} 3. g3 {[%emt 0:00:15]} Nf6 {[%emt 0:00:05]} 4. Bg2 {[%emt 0:00:13]}
Be7 {[%emt 0:01:47]} 5. O-O {[%emt 0:00:19]} d4 {[%emt 0:06:05]} 6. e3 {[%emt
0:00:38]} c5 {[%emt 0:00:24]} 7. exd4 {[%emt 0:00:58]} cxd4 {[%emt 0:00:06]} 8.
d3 {[%emt 0:00:24]} Nc6 {[%emt 0:01:56]} 9. Bf4 {[%emt 0:01:30]} Nd7 {[%emt
0:03:28]} 10. Re1 {[%emt 0:02:04]} O-O {[%emt 0:01:13]} 11. Na3 {[%emt
0:05:16]} f6 {[%emt 0:18:11]} 12. Rxe6 {[%emt 0:14:08]} Nde5 {[%emt 0:02:00]}
13. Nxe5 {[%emt 0:05:58]} fxe5 {[%emt 0:00:42]} 14. Rxe5 {[%emt 0:00:36]} Nxe5
{[%emt 0:00:05]} 15. Bxe5 {[%emt 0:00:05]} Bf6 {[%emt 0:01:50]} 16. Bf4 {[%emt
0:04:21]} Bg5 {[%emt 0:00:32]} 17. Be5 {[%emt 0:07:18]} Bf6 {[%emt 0:02:53]}
18. Bf4 {[%emt 0:00:19]} g5 {[%emt 0:06:03]} 19. Bd2 {[%emt 0:00:49]} Kg7
{[%emt 0:02:53]} 20. Qf3 {[%emt 0:08:09]} Rf7 {[%emt 0:07:26]} 21. Re1 {[%emt
0:06:33]} Bd7 22. Nc2 Bc6 23. Qg4 Bxg2 24. Kxg2 Qd7 25. Qxd7 Rxd7 26. b4 Kf7
27. h3 h5 28. Re4 Re8 29. Rxe8 Kxe8 30. f4 g4 31. h4 Rc7 32. Kf1 a6 33. a4 Kf7
1/2-1/2

[Event "DVM U20 2022"]
[Site "Münster GER"]
[Date "2022.12.29"]
[Round "6"]
[White "Weihrauch, Jakob"]
[Black "Hommel, Niclas"]
[Result "1-0"]
[Termination "normal"]
[Board "1.3"]
[WhiteElo "2214"]
[BlackElo "2002"]
[WhiteClock "00:56:49"]
[BlackClock "00:20:12"]
[WhiteTeam "Hamburger SK von 1830 eV"]
[BlackTeam "SC Kreuzberg e.V."]
[PlyCount "41"]
[WhiteFideId "16210115"]
[BlackFideId "12974927"]
[EventCountry "GER"]
[EventRounds "7"]
[EventType "team-swiss"]
[EventDate "2022.12.26"]

1. e4 c5 {[%emt 0:00:07]} 2. Nf3 {[%emt 0:00:06]} e6 {[%emt 0:00:05]} 3. b3
{[%emt 0:00:06]} b6 {[%emt 0:00:08]} 4. d4 {[%emt 0:00:04]} cxd4 {[%emt
0:01:03]} 5. Nxd4 {[%emt 0:00:13]} Bb7 {[%emt 0:00:06]} 6. Nd2 {[%emt 0:00:06]}
Nc6 {[%emt 0:18:35]} 7. Nxc6 {[%emt 0:09:15]} Bxc6 {[%emt 0:11:44]} 8. Bb2
{[%emt 0:00:28]} Nf6 {[%emt 0:06:16]} 9. Bd3 {[%emt 0:00:44]} d6 {[%emt
0:13:13]} 10. Qe2 {[%emt 0:03:40]} Be7 {[%emt 0:00:52]} 11. f4 {[%emt 0:09:41]}
Qc7 {[%emt 0:07:20]} 12. O-O-O {[%emt 0:06:29]} O-O-O {[%emt 0:03:49]} 13. g4
{[%emt 0:00:26]} h6 {[%emt 0:12:26]} 14. Kb1 {[%emt 0:02:04]} g5 {[%emt
0:02:06]} 15. fxg5 {[%emt 0:07:21]} hxg5 {[%emt 0:00:01]} 16. Rhf1 {[%emt
0:00:53]} Rh6 17. e5 Nd5 18. Rxf7 Nf4 19. exd6 Qxd6 20. Ba6 Kb8 21. Rxf4 1-0

[Event "DVM U20 2022"]
[Site "Münster GER"]
[Date "2022.12.29"]
[Round "6"]
[White "Fock, Amina"]
[Black "Meyling, Lennart"]
[Result "0-1"]
[Termination "normal"]
[Board "1.4"]
[WhiteElo "1827"]
[BlackElo "2147"]
[WhiteClock "00:46:09"]
[BlackClock "00:33:39"]
[WhiteTeam "SC Kreuzberg e.V."]
[BlackTeam "Hamburger SK von 1830 eV"]
[PlyCount "36"]
[WhiteFideId "12981982"]
[BlackFideId "12947130"]
[EventCountry "GER"]
[EventRounds "7"]
[EventType "team-swiss"]
[EventDate "2022.12.26"]

1. e4 {[%clk 01:30:57]} {[%emt 00:00:02]} e5 {[%clk 01:30:54]} {[%emt
00:00:06]} 2. Nf3 {[%clk 01:31:23]} {[%emt 00:00:05]} d6 {[%clk 01:31:20]}
{[%emt 00:00:04]} 3. d4 {[%clk 01:30:09]} {[%emt 00:01:44]} exd4 {[%clk
01:31:37]} {[%emt 00:00:13]} 4. Nxd4 {[%clk 01:30:33]} {[%emt 00:00:07]} Nf6
{[%clk 01:32:00]} {[%emt 00:00:07]} 5. Nc3 {[%clk 01:30:40]} {[%emt 00:00:23]}
Be7 {[%clk 01:32:21]} {[%emt 00:00:07]} 6. Nf5 {[%clk 01:27:31]} {[%emt
00:03:40]} Bxf5 {[%clk 01:30:23]} {[%emt 00:02:28]} 7. exf5 {[%clk 01:27:56]}
{[%emt 00:00:05]} O-O {[%clk 01:28:31]} {[%emt 00:02:23]} 8. Be3 {[%clk
01:25:45]} {[%emt 00:02:40]} d5 {[%clk 01:26:46]} {[%emt 00:02:15]} 9. Qf3
{[%clk 01:20:28]} {[%emt 00:05:48]} Bb4 {[%clk 01:12:11]} {[%emt 00:15:04]} 10.
Bg5 {[%clk 01:10:25]} {[%emt 00:10:33]} Qe8 {[%clk 01:00:47]} {[%emt 00:11:54]}
11. Be2 {[%clk 01:05:56]} {[%emt 00:04:58]} Ne4 {[%clk 01:00:24]} {[%emt
00:00:54]} 12. Bd2 {[%clk 01:05:37]} {[%emt 00:00:50]} Nxd2 {[%clk 01:00:41]}
{[%emt 00:00:13]} 13. Kxd2 {[%clk 01:05:53]} {[%emt 00:00:13]} d4 {[%clk
01:00:28]} {[%emt 00:00:44]} 14. Qxb7 {[%clk 01:05:17]} {[%emt 00:01:05]} Nc6
{[%clk 00:52:41]} {[%emt 00:08:18]} 15. Bd3 {[%clk 00:50:44]} {[%emt 00:15:02]}
dxc3 {[%clk 00:48:22]} {[%emt 00:04:49]} 16. bxc3 {[%clk 00:51:06]} {[%emt
00:00:08]} Bc5 {[%clk 00:45:04]} {[%emt 00:03:47]} 17. Qxc7 {[%clk 00:47:35]}
{[%emt 00:04:02]} Rc8 {[%clk 00:42:01]} {[%emt 00:03:33]} 18. Qf4 {[%clk
00:46:09]} {[%emt 00:01:56]} Qd8 {[%clk 00:33:39]} {[%emt 00:08:52]} *

[Event "DVM U20 2022"]
[Site "Münster GER"]
[Date "2022.12.29"]
[Round "6"]
[White "Engel, Robert"]
[Black "Rose, Luis Stratos"]
[Result "1-0"]
[Termination "normal"]
[Board "1.5"]
[WhiteElo "2141"]
[BlackElo "1651"]
[WhiteClock "00:39:55"]
[BlackClock "00:40:53"]
[WhiteTeam "Hamburger SK von 1830 eV"]
[BlackTeam "SC Kreuzberg e.V."]
[PlyCount "65"]
[WhiteFideId "12974684"]
[BlackFideId "12976008"]
[EventCountry "GER"]
[EventRounds "7"]
[EventType "team-swiss"]
[EventDate "2022.12.26"]

1. e4 {[%emt 0:00:01]} d6 {[%emt 0:00:08]} 2. d4 {[%emt 0:00:45]} g6 {[%emt
0:00:14]} 3. Nc3 {[%emt 0:00:07]} Bg7 {[%emt 0:00:10]} 4. f4 {[%emt 0:00:05]}
c6 {[%emt 0:00:12]} 5. Nf3 {[%emt 0:01:25]} d5 {[%emt 0:00:22]} 6. e5 {[%emt
0:00:06]} h5 {[%emt 0:00:04]} 7. Be3 {[%emt 0:01:44]} Bf5 {[%emt 0:01:06]} 8.
Qd2 {[%emt 0:02:19]} e6 {[%emt 0:01:14]} 9. Bf2 {[%emt 0:01:45]} Nd7 {[%emt
0:05:31]} 10. Be2 {[%emt 0:09:31]} Bf8 {[%emt 0:05:23]} 11. O-O {[%emt
0:04:58]} Nh6 {[%emt 0:03:27]} 12. h3 {[%emt 0:01:27]} Rc8 {[%emt 0:03:06]} 13.
Na4 {[%emt 0:03:47]} Be7 {[%emt 0:06:21]} 14. b3 {[%emt 0:08:15]} Kf8 {[%emt
0:06:40]} 15. c4 {[%emt 0:05:07]} Kg7 {[%emt 0:01:51]} 16. Rfd1 {[%emt
0:08:44]} Nf8 {[%emt 0:21:45]} 17. Qe1 {[%emt 0:08:58]} Nh7 18. Bh4 Be4 19. Nc5
Nf5 20. Bf2 b6 21. Na4 h4 22. Nd2 g5 23. Nxe4 dxe4 24. Bg4 Nh6 25. Bh5 f5 26.
exf6 Nxf6 27. fxg5 Nxh5 28. gxh6 Rxh6 29. Qxe4 Rg6 30. Qe5 Nf6 31. Bxh4 Qh8 32.
Bg5 Rf8 33. h4 1-0

[Event "DVM U20 2022"]
[Site "Münster GER"]
[Date "2022.12.29"]
[Round "6"]
[White "Held, Momme Fredrik"]
[Black "Kotyk, Michael"]
[Result "0-1"]
[Termination "normal"]
[Board "1.6"]
[WhiteElo "1751"]
[BlackElo "2032"]
[WhiteClock "00:28:10"]
[BlackClock "00:56:05"]
[WhiteTeam "SC Kreuzberg e.V."]
[BlackTeam "Hamburger SK von 1830 eV"]
[PlyCount "52"]
[WhiteFideId "16237692"]
[BlackFideId "16214501"]
[EventCountry "GER"]
[EventRounds "7"]
[EventType "team-swiss"]
[EventDate "2022.12.26"]

1. d4 {[%emt 0:00:02]} f5 {[%emt 0:02:18]} 2. g3 {[%emt 0:01:08]} Nf6 {[%emt
0:00:07]} 3. Bg2 {[%emt 0:00:22]} g6 {[%emt 0:00:07]} 4. c4 {[%emt 0:00:54]} d6
{[%emt 0:00:16]} 5. Nc3 {[%emt 0:01:30]} Bg7 {[%emt 0:00:51]} 6. e3 {[%emt
0:05:30]} e5 {[%emt 0:02:03]} 7. Nge2 {[%emt 0:02:01]} O-O {[%emt 0:01:03]} 8.
O-O {[%emt 0:01:38]} Nc6 {[%emt 0:07:33]} 9. b3 {[%emt 0:05:12]} Qe8 {[%emt
0:01:54]} 10. Nb5 {[%emt 0:09:51]} Qf7 {[%emt 0:02:36]} 11. Ba3 {[%emt
0:04:36]} e4 {[%emt 0:06:31]} 12. Bb2 {[%emt 0:11:13]} g5 {[%emt 0:01:29]} 13.
a3 {[%emt 0:05:45]} a6 {[%emt 0:01:14]} 14. Nbc3 {[%emt 0:00:13]} Qh5 {[%emt
0:00:04]} 15. Nd5 {[%emt 0:08:00]} Nxd5 {[%emt 0:03:25]} 16. cxd5 {[%emt
0:00:06]} Ne7 {[%emt 0:00:03]} 17. Nc3 {[%emt 0:00:28]} Qf7 {[%emt 0:03:23]}
18. Rc1 {[%emt 0:01:44]} c6 {[%emt 0:04:11]} 19. dxc6 {[%emt 0:00:33]} bxc6
{[%emt 0:00:05]} 20. a4 {[%emt 0:11:44]} Be6 {[%emt 0:04:01]} 21. b4 {[%emt
0:00:38]} Bc4 {[%emt 0:01:40]} 22. Re1 {[%emt 0:00:09]} d5 {[%emt 0:00:22]} 23.
Ba3 {[%emt 0:00:42]} f4 24. exf4 gxf4 25. Qd2 e3 26. fxe3 f3 0-1

[Event "DVM U20 2022"]
[Site "Münster GER"]
[Date "2022.12.29"]
[Round "6"]
[White "Stelmaszyk, Nico"]
[Black "Suvorov, Alexander"]
[Result "1/2-1/2"]
[Termination "normal"]
[Board "2.1"]
[WhiteTitle "FM"]
[BlackTitle "FM"]
[WhiteElo "2368"]
[BlackElo "2345"]
[WhiteClock "01:15:19"]
[BlackClock "00:06:35"]
[WhiteTeam "SK Lehrte von 1919 e. V."]
[BlackTeam "Schachgemeinschaft Porz e. V."]
[PlyCount "114"]
[WhiteFideId "16200462"]
[BlackFideId "12977063"]
[EventCountry "GER"]
[EventRounds "7"]
[EventType "team-swiss"]
[EventDate "2022.12.26"]

1. e4 {[%emt 0:00:01]} c5 {[%emt 0:00:15]} 2. c3 {[%emt 0:00:05]} d5 {[%emt
0:00:25]} 3. exd5 {[%emt 0:00:05]} Qxd5 {[%emt 0:00:09]} 4. d4 {[%emt 0:00:04]}
g6 {[%emt 0:00:08]} 5. Nf3 {[%emt 0:00:08]} Bg7 {[%emt 0:00:21]} 6. Nbd2 {[%emt
0:00:06]} cxd4 {[%emt 0:02:58]} 7. Bc4 {[%emt 0:00:05]} Qd8 {[%emt 0:04:15]} 8.
Nxd4 {[%emt 0:00:39]} Nf6 {[%emt 0:02:37]} 9. O-O {[%emt 0:00:18]} O-O {[%emt
0:03:11]} 10. N2f3 {[%emt 0:00:09]} Nbd7 {[%emt 0:23:04]} 11. Qe2 {[%emt
0:02:28]} Nb6 {[%emt 0:04:55]} 12. Bb3 {[%emt 0:01:08]} Bg4 {[%emt 0:09:26]}
13. h3 {[%emt 0:03:32]} Bxf3 {[%emt 0:05:15]} 14. Qxf3 {[%emt 0:00:06]} e5
{[%emt 0:13:58]} 15. Nb5 {[%emt 0:04:23]} Qe7 {[%emt 0:02:42]} 16. Be3 {[%emt
0:03:29]} Nc8 {[%emt 0:03:28]} 17. Rad1 {[%emt 0:02:58]} a6 {[%emt 0:05:41]}
18. Na3 {[%emt 0:00:17]} e4 {[%emt 0:02:42]} 19. Qe2 {[%emt 0:01:57]} b5 {[%emt
0:03:27]} 20. Nc2 {[%emt 0:03:07]} Qc7 {[%emt 0:05:03]} 21. Bd4 Re8 22. Ne3 Nb6
23. Rd2 Rad8 24. Rfd1 Nbd7 25. a4 Nc5 26. Bc2 Qc6 27. axb5 axb5 28. Bxc5 Rxd2
29. Qxd2 Qxc5 30. Bb3 h5 31. Qd6 Qxd6 32. Rxd6 Rb8 33. Rc6 Rb7 34. Nd5 Nxd5 35.
Bxd5 Rd7 36. Rc5 b4 37. cxb4 Bxb2 38. b5 Kg7 39. Bxe4 Rd1 40. Kh2 Re1 41. Rc4
Be5 42. g3 Re2 43. Kg2 Rb2 44. Bc6 Bc7 45. g4 Bb6 46. Rf4 hxg4 47. hxg4 f6 48.
Rf3 Bc5 49. Be8 Re2 50. Rc3 Bxf2 51. Kf3 Rb2 52. Ke4 Rb4 53. Kf3 Bb6 54. g5
fxg5 55. Rc6 Rxb5 56. Rc7 Bxc7 57. Bxb5 Kf6 1/2-1/2

[Event "DVM U20 2022"]
[Site "Münster GER"]
[Date "2022.12.29"]
[Round "6"]
[White "Suvorov, Luca"]
[Black "Meiwes, Thore"]
[Result "1-0"]
[Termination "normal"]
[Board "2.2"]
[WhiteTitle "FM"]
[WhiteElo "2299"]
[BlackElo "2081"]
[WhiteClock "00:12:36"]
[BlackClock "01:13:22"]
[WhiteTeam "Schachgemeinschaft Porz e. V."]
[BlackTeam "SK Lehrte von 1919 e. V."]
[PlyCount "89"]
[WhiteFideId "12977071"]
[BlackFideId "16201256"]
[EventCountry "GER"]
[EventRounds "7"]
[EventType "team-swiss"]
[EventDate "2022.12.26"]

1. d4 {[%emt 2:15:22]} Nf6 {[%emt 0:00:01]} 2. c4 {[%emt 0:00:21]} e6 {[%emt
0:00:03]} 3. Nc3 {[%emt 0:00:12]} Bb4 {[%emt 0:00:06]} 4. e3 {[%emt 0:00:08]}
O-O {[%emt 0:00:12]} 5. Bd2 {[%emt 0:00:22]} d5 {[%emt 0:00:10]} 6. Nf3 {[%emt
0:00:54]} b6 {[%emt 0:00:09]} 7. cxd5 {[%emt 0:00:25]} exd5 {[%emt 0:00:04]} 8.
Rc1 {[%emt 0:00:15]} a6 {[%emt 0:00:08]} 9. Bd3 {[%emt 0:01:15]} Bd6 {[%emt
0:00:29]} 10. O-O {[%emt 0:04:46]} Re8 {[%emt 0:00:27]} 11. h3 {[%emt 0:11:57]}
Bb7 {[%emt 0:00:20]} 12. a3 {[%emt 0:11:23]} Nbd7 {[%emt 0:00:09]} 13. b4
{[%emt 0:03:49]} Ne4 {[%emt 0:00:15]} 14. Qb3 {[%emt 0:07:11]} Ndf6 {[%emt
0:00:10]} 15. Rfd1 {[%emt 0:02:13]} Qe7 {[%emt 0:00:57]} 16. Bb1 {[%emt
0:12:19]} Rad8 {[%emt 0:07:38]} 17. Ne2 {[%emt 0:11:13]} h6 {[%emt 0:01:37]}
18. Be1 {[%emt 0:12:02]} g5 {[%emt 0:01:04]} 19. Ne5 {[%emt 0:06:38]} Nd7
{[%emt 0:12:38]} 20. f3 Nef6 21. f4 Ne4 22. Bxe4 dxe4 23. Nxd7 Qxd7 24. fxg5
hxg5 25. Bg3 Rf8 26. Rf1 Kg7 27. Bxd6 Qxd6 28. Qc3 Rd7 29. Rf5 Kg6 30. Rcf1 f6
31. d5 Bxd5 32. h4 Rdf7 33. h5 Kxh5 34. Nf4 Kh6 35. Nxd5 Kg6 36. Qc4 Kg7 37.
Qxe4 Rh8 38. Nxf6 Rxf6 39. Rxf6 Qh2 40. Kf2 Kxf6 41. Ke2 Kg7 42. Qe7 Kg6 43.
Qf6 Kh7 44. Qf7 Kh6 45. Rf6# 1-0

[Event "DVM U20 2022"]
[Site "Münster GER"]
[Date "2022.12.29"]
[Round "6"]
[White "Reimer, Philip"]
[Black "Gallasch, Jonas"]
[Result "1/2-1/2"]
[Termination "normal"]
[Board "2.3"]
[WhiteElo "2144"]
[BlackElo "2282"]
[WhiteClock "00:57:20"]
[BlackClock "00:41:46"]
[WhiteTeam "SK Lehrte von 1919 e. V."]
[BlackTeam "Schachgemeinschaft Porz e. V."]
[PlyCount "103"]
[WhiteFideId "16235860"]
[BlackFideId "16222474"]
[EventCountry "GER"]
[EventRounds "7"]
[EventType "team-swiss"]
[EventDate "2022.12.26"]

1. e4 {[%emt 0:00:05]} c6 {[%emt 0:00:07]} 2. d4 {[%emt 0:00:05]} d5 {[%emt
0:00:04]} 3. e5 {[%emt 0:00:04]} Bf5 {[%emt 0:00:05]} 4. Nf3 {[%emt 0:00:32]}
e6 {[%emt 0:00:07]} 5. Be2 {[%emt 0:00:06]} Nd7 {[%emt 0:00:06]} 6. O-O {[%emt
0:00:07]} h6 {[%emt 0:00:04]} 7. Nbd2 {[%emt 0:00:22]} Ne7 {[%emt 0:00:07]} 8.
Nb3 {[%emt 0:00:16]} g5 {[%emt 0:00:06]} 9. Ne1 {[%emt 0:01:31]} Qc7 {[%emt
0:00:06]} 10. a4 {[%emt 0:01:38]} Bg7 {[%emt 0:03:24]} 11. a5 {[%emt 0:01:11]}
a6 {[%emt 0:00:08]} 12. Bd3 {[%emt 0:13:34]} c5 {[%emt 0:09:58]} 13. Bxf5
{[%emt 0:01:02]} Nxf5 {[%emt 0:00:44]} 14. c3 {[%emt 0:11:58]} c4 {[%emt
0:09:02]} 15. Nd2 {[%emt 0:00:28]} h5 {[%emt 0:01:02]} 16. Nc2 {[%emt 0:08:09]}
O-O-O {[%emt 0:31:35]} 17. b3 cxb3 18. Nxb3 f6 19. exf6 Bxf6 20. Nb4 Nd6 21.
Be3 Nc4 22. Nd3 Be7 23. Qe2 Rde8 24. Nd2 Nxa5 25. Ra4 Nc6 26. Rc1 Bd6 27. c4
Kb8 28. c5 Bxh2 29. Kh1 e5 30. Nb4 Nxb4 31. Rxb4 Re6 32. Rcb1 exd4 33. Rxb7
Qxb7 34. Rxb7 Kxb7 35. Qd3 dxe3 36. Qxd5 Kc7 37. fxe3 Rhh6 38. Kxh2 Re5 39. Qd4
Rxc5 40. Ne4 Re5 41. Nxg5 Rb6 42. Nf3 Rc5 43. e4 a5 44. e5 Re6 45. Ne1 Rexe5
46. Nd3 Kc6 47. Qa4 Kd6 48. Nxe5 Rxe5 49. Kg3 Ke6 50. Qc6 Ke7 51. Kf4 Kd8 52.
Kg3 1/2-1/2